[Event "DEM U14 2024"]
[Site "Willingen GER"]
[Date "2024.05.21"]
[Round "4"]
[White "Derr, Oleg"]
[Black "Nguyen, Thanh An"]
[Result "1/2-1/2"]
[Termination "normal"]
[Board "13"]
[WhiteElo "1946"]
[BlackElo "1794"]
[WhiteClock "00:42:26"]
[BlackClock "00:14:34"]
[PlyCount "90"]
[WhiteFideId "34611517"]
[BlackFideId "34627804"]
[EventCountry "GER"]
[EventRounds "9"]
[EventType "swiss"]
[EventDate "2024.05.18"]

1. e4 {[%clk 01:30:59]} c5 {[%clk 01:30:53]} {[%emt 00:00:08]} 2. Nf3 {[%clk
01:31:25]} {[%emt 00:00:04]} d6 {[%clk 01:31:17]} {[%emt 00:00:05]} 3. Bc4
{[%clk 01:31:51]} {[%emt 00:00:04]} Nf6 {[%clk 01:31:27]} {[%emt 00:00:20]} 4.
d3 {[%clk 01:32:13]} {[%emt 00:00:09]} e6 {[%clk 01:31:21]} {[%emt 00:00:36]}
5. O-O {[%clk 01:32:04]} {[%emt 00:00:37]} Nc6 {[%clk 01:31:27]} {[%emt
00:00:26]} 6. Bb3 {[%clk 01:32:28]} {[%emt 00:00:06]} Bd7 {[%clk 01:29:45]}
{[%emt 00:02:11]} 7. c3 {[%clk 01:32:43]} {[%emt 00:00:15]} g6 {[%clk
01:27:22]} {[%emt 00:02:53]} 8. Re1 {[%clk 01:31:15]} {[%emt 00:01:57]} Bg7
{[%clk 01:26:44]} {[%emt 00:01:09]} 9. d4 {[%clk 01:30:33]} {[%emt 00:01:12]}
O-O {[%clk 01:25:53]} {[%emt 00:01:21]} 10. Nbd2 {[%clk 01:30:02]} {[%emt
00:01:01]} cxd4 {[%clk 01:24:13]} {[%emt 00:02:10]} 11. cxd4 {[%clk 01:30:22]}
{[%emt 00:00:09]} d5 {[%clk 01:22:05]} {[%emt 00:02:39]} 12. e5 {[%clk
01:28:36]} {[%emt 00:02:16]} Ne8 {[%clk 01:21:54]} {[%emt 00:00:41]} 13. Nf1
{[%clk 01:27:39]} {[%emt 00:01:26]} f6 {[%clk 01:20:28]} {[%emt 00:01:57]} 14.
exf6 {[%clk 01:26:26]} {[%emt 00:01:43]} Qxf6 {[%clk 01:19:01]} {[%emt
00:01:56]} 15. Bg5 {[%clk 01:25:07]} {[%emt 00:01:48]} Qf7 {[%clk 01:16:28]}
{[%emt 00:03:05]} 16. Qd2 {[%clk 01:23:19]} {[%emt 00:02:17]} Nd6 {[%clk
01:14:41]} {[%emt 00:02:19]} 17. Ng3 {[%clk 01:22:28]} {[%emt 00:01:20]} Nf5
{[%clk 01:14:03]} {[%emt 00:01:09]} 18. Nxf5 {[%clk 01:19:59]} {[%emt
00:02:58]} gxf5 {[%clk 01:10:01]} {[%emt 00:04:32]} 19. Bf4 {[%clk 01:18:03]}
{[%emt 00:02:25]} Bf6 {[%clk 01:05:22]} {[%emt 00:05:10]} 20. Ne5 {[%clk
01:17:00]} {[%emt 00:01:32]} Bxe5 {[%clk 01:00:42]} {[%emt 00:05:11]} 21. dxe5
{[%clk 01:17:12]} {[%emt 00:00:18]} Qg6 {[%clk 00:59:24]} {[%emt 00:01:48]} 22.
Re3 {[%clk 01:15:40]} {[%emt 00:02:02]} Kh8 {[%clk 00:53:33]} {[%emt 00:06:21]}
23. Rg3 {[%clk 01:14:20]} {[%emt 00:01:49]} Qf7 {[%clk 00:53:13]} {[%emt
00:00:51]} 24. Re1 {[%clk 01:12:47]} {[%emt 00:02:02]} Rg8 {[%clk 00:51:52]}
{[%emt 00:01:53]} 25. Bg5 {[%clk 01:11:56]} {[%emt 00:01:20]} Rg6 {[%clk
00:51:49]} {[%emt 00:00:34]} 26. h4 {[%clk 01:11:58]} {[%emt 00:00:27]} h5
{[%clk 00:47:03]} {[%emt 00:05:16]} 27. Ree3 {[%clk 01:10:02]} {[%emt
00:02:26]} Kh7 {[%clk 00:46:04]} {[%emt 00:01:29]} 28. Qd1 {[%clk 01:08:03]}
{[%emt 00:02:28]} Rg7 {[%clk 00:45:20]} {[%emt 00:01:15]} 29. Bf6 {[%clk
01:06:10]} {[%emt 00:02:23]} Rxg3 {[%clk 00:43:35]} {[%emt 00:02:15]} 30. Rxg3
{[%clk 01:06:31]} {[%emt 00:00:09]} Rg8 {[%clk 00:43:43]} {[%emt 00:00:22]} 31.
Rg5 {[%clk 01:04:18]} {[%emt 00:02:42]} Rxg5 {[%clk 00:44:02]} {[%emt
00:00:11]} 32. hxg5 {[%clk 01:04:44]} {[%emt 00:00:04]} Be8 {[%clk 00:41:04]}
{[%emt 00:03:30]} 33. Bc2 {[%clk 01:02:24]} {[%emt 00:02:49]} Kg8 {[%clk
00:40:37]} {[%emt 00:00:57]} 34. f3 {[%clk 01:00:26]} {[%emt 00:02:28]} h4
{[%clk 00:33:18]} {[%emt 00:07:49]} 35. Qe1 {[%clk 00:59:24]} {[%emt 00:01:31]}
Qh5 {[%clk 00:33:36]} {[%emt 00:00:13]} 36. Bd1 {[%clk 00:57:24]} {[%emt
00:02:29]} Qh7 {[%clk 00:31:31]} {[%emt 00:02:36]} 37. Qf2 {[%clk 00:56:14]}
{[%emt 00:01:39]} b6 {[%clk 00:26:03]} {[%emt 00:05:59]} 38. Kh2 {[%clk
00:53:44]} {[%emt 00:02:59]} Qc7 {[%clk 00:21:49]} {[%emt 00:04:46]} 39. Qxh4
{[%clk 00:51:13]} {[%emt 00:03:00]} Qh7 {[%clk 00:22:12]} {[%emt 00:00:07]} 40.
Qxh7+ {[%clk 00:51:12]} {[%emt 00:00:31]} Kxh7 {[%clk 00:22:38]} {[%emt
00:00:04]} 41. g4 {[%clk 00:49:24]} {[%emt 00:02:17]} fxg4 {[%clk 00:21:53]}
{[%emt 00:01:17]} 42. f4 {[%clk 00:49:13]} {[%emt 00:00:40]} Kg6 {[%clk
00:15:58]} {[%emt 00:06:25]} 43. Bxg4 {[%clk 00:47:15]} {[%emt 00:02:27]} Nd4
{[%clk 00:14:38]} {[%emt 00:01:51]} 44. Kg3 {[%clk 00:46:02]} {[%emt 00:01:42]}
Bb5 {[%clk 00:14:34]} {[%emt 00:00:35]} 45. Be7 {[%clk 00:42:26]} {[%emt
00:04:05]} Nf5+ {[%emt 00:00:58]} 1/2-1/2

[Event "DEM U14 2024"]
[Site "Willingen GER"]
[Date "2024.05.21"]
[Round "4"]
[White "Herrmann, Arthur"]
[Black "Pimenov, Danil"]
[Result "1-0"]
[Termination "normal"]
[Board "14"]
[WhiteElo "1929"]
[BlackElo "1863"]
[WhiteClock "00:00:45"]
[BlackClock "00:01:08"]
[PlyCount "77"]
[WhiteFideId "16287150"]
[BlackFideId "34600248"]
[EventCountry "GER"]
[EventRounds "9"]
[EventType "swiss"]
[EventDate "2024.05.18"]

1. e4 {[%clk 01:30:57]} {[%emt 00:00:02]} c5 {[%clk 01:30:53]} {[%emt
00:00:07]} 2. Nf3 {[%clk 01:31:22]} {[%emt 00:00:05]} Nc6 {[%clk 01:31:20]}
{[%emt 00:00:04]} 3. Nc3 {[%clk 01:31:46]} {[%emt 00:00:05]} e5 {[%clk
01:28:28]} {[%emt 00:03:23]} 4. Nd5 {[%clk 01:31:37]} {[%emt 00:00:39]} g6
{[%clk 01:26:53]} {[%emt 00:02:04]} 5. Bc4 {[%clk 01:19:58]} {[%emt 00:12:09]}
Bg7 {[%clk 01:25:52]} {[%emt 00:01:31]} 6. d3 {[%clk 01:15:20]} {[%emt
00:05:09]} Nge7 {[%clk 01:22:23]} {[%emt 00:03:58]} 7. Bg5 {[%clk 01:05:51]}
{[%emt 00:09:58]} Qa5+ {[%clk 01:15:28]} {[%emt 00:07:27]} 8. c3 {[%clk
00:57:24]} {[%emt 00:08:56]} Nxd5 {[%clk 01:15:26]} {[%emt 00:00:32]} 9. Bxd5
{[%clk 00:57:17]} {[%emt 00:00:38]} h6 {[%clk 01:14:35]} {[%emt 00:01:21]} 10.
Be3 {[%clk 00:56:11]} {[%emt 00:01:35]} d6 {[%clk 01:12:48]} {[%emt 00:02:17]}
11. O-O {[%clk 00:49:20]} {[%emt 00:07:21]} Ne7 {[%clk 01:12:08]} {[%emt
00:01:10]} 12. Bb3 {[%clk 00:48:56]} {[%emt 00:00:54]} O-O {[%clk 01:10:28]}
{[%emt 00:02:09]} 13. h3 {[%clk 00:42:58]} {[%emt 00:06:28]} b5 {[%clk
01:02:55]} {[%emt 00:08:05]} 14. d4 {[%clk 00:36:19]} {[%emt 00:07:09]} Qc7
{[%clk 00:56:58]} {[%emt 00:06:26]} 15. Qd2 {[%clk 00:29:44]} {[%emt 00:07:05]}
Kh7 {[%clk 00:54:23]} {[%emt 00:03:05]} 16. dxc5 {[%clk 00:28:11]} {[%emt
00:02:03]} dxc5 {[%clk 00:54:43]} {[%emt 00:00:10]} 17. Rfd1 {[%clk 00:28:19]}
{[%emt 00:00:22]} f5 {[%clk 00:41:30]} {[%emt 00:13:43]} 18. exf5 {[%clk
00:28:25]} {[%emt 00:00:23]} Nxf5 {[%clk 00:39:06]} {[%emt 00:02:55]} 19. Bd5
{[%clk 00:20:10]} {[%emt 00:08:45]} Rb8 {[%clk 00:35:54]} {[%emt 00:03:42]} 20.
Rac1 {[%clk 00:15:13]} {[%emt 00:05:27]} Bb7 {[%clk 00:28:57]} {[%emt
00:07:26]} 21. Bxb7 {[%clk 00:14:57]} {[%emt 00:00:46]} Rxb7 {[%clk 00:29:16]}
{[%emt 00:00:11]} 22. b4 {[%clk 00:12:39]} {[%emt 00:02:48]} c4 {[%clk
00:22:00]} {[%emt 00:07:47]} 23. Bc5 {[%clk 00:12:14]} {[%emt 00:00:55]} Rf7
{[%clk 00:21:55]} {[%emt 00:00:34]} 24. Qe2 {[%clk 00:11:31]} {[%emt 00:01:13]}
Rf6 {[%clk 00:11:07]} {[%emt 00:11:18]} 25. Rd5 {[%clk 00:10:15]} {[%emt
00:01:47]} Re6 {[%clk 00:10:50]} {[%emt 00:00:46]} 26. Qe4 {[%clk 00:08:03]}
{[%emt 00:02:42]} Qc6 {[%clk 00:08:26]} {[%emt 00:02:54]} 27. Re1 {[%clk
00:07:45]} {[%emt 00:00:48]} Rd7 {[%clk 00:07:13]} {[%emt 00:01:43]} 28. Rxd7
{[%clk 00:08:05]} {[%emt 00:00:11]} Qxd7 {[%clk 00:07:37]} {[%emt 00:00:06]}
29. Kh2 {[%clk 00:06:26]} {[%emt 00:02:09]} Ne7 {[%clk 00:06:36]} {[%emt
00:01:30]} 30. Re2 {[%clk 00:05:22]} {[%emt 00:01:35]} Qd3 {[%clk 00:05:14]}
{[%emt 00:01:52]} 31. Re3 {[%clk 00:03:57]} {[%emt 00:01:55]} Qxe4 {[%clk
00:05:13]} {[%emt 00:00:30]} 32. Rxe4 {[%clk 00:04:23]} {[%emt 00:00:05]} a6
{[%clk 00:04:51]} {[%emt 00:00:52]} 33. Nd4 {[%clk 00:03:05]} {[%emt 00:01:48]}
exd4 {[%clk 00:00:41]} {[%emt 00:04:39]} 34. Rxe6 {[%clk 00:03:30]} {[%emt
00:00:06]} Nf5 {[%clk 00:00:57]} {[%emt 00:00:13]} 35. g4 {[%clk 00:02:14]}
{[%emt 00:01:46]} d3 {[%clk 00:01:11]} {[%emt 00:00:16]} 36. gxf5 {[%clk
00:01:47]} {[%emt 00:00:58]} Bxc3 {[%clk 00:01:13]} {[%emt 00:00:27]} 37. fxg6+
{[%clk 00:01:45]} {[%emt 00:00:34]} Kg7 {[%clk 00:01:32]} {[%emt 00:00:09]} 38.
Kg2 {[%clk 00:01:07]} {[%emt 00:01:08]} Bf6 {[%clk 00:01:08]} {[%emt 00:00:55]}
39. Rd6 {[%clk 00:00:45]} {[%emt 00:00:52]} 1-0

[Event "DEM U14 2024"]
[Site "Willingen GER"]
[Date "2024.05.21"]
[Round "4"]
[White "Schuricht, Emil Frederick"]
[Black "Bangert, Jonas"]
[Result "1-0"]
[Termination "normal"]
[Board "16"]
[WhiteElo "2027"]
[BlackElo "1772"]
[WhiteClock "00:06:44"]
[BlackClock "00:06:29"]
[PlyCount "77"]
[WhiteFideId "16270185"]
[BlackFideId "16289650"]
[EventCountry "GER"]
[EventRounds "9"]
[EventType "swiss"]
[EventDate "2024.05.18"]

1. c4 {[%clk 01:30:56]} {[%emt 00:00:02]} Nf6 {[%clk 01:29:58]} {[%emt
00:01:02]} 2. Nf3 {[%clk 01:31:19]} {[%emt 00:00:07]} c6 {[%clk 01:27:13]}
{[%emt 00:03:17]} 3. d4 {[%clk 01:29:34]} {[%emt 00:02:15]} d5 {[%clk
01:27:37]} {[%emt 00:00:06]} 4. cxd5 {[%clk 01:29:59]} {[%emt 00:00:04]} cxd5
{[%clk 01:28:03]} {[%emt 00:00:04]} 5. Nc3 {[%clk 01:30:14]} {[%emt 00:00:15]}
e6 {[%clk 01:23:21]} {[%emt 00:05:13]} 6. Bf4 {[%clk 01:25:55]} {[%emt
00:04:47]} Bd6 {[%clk 01:19:02]} {[%emt 00:04:50]} 7. Bxd6 {[%clk 01:25:44]}
{[%emt 00:00:41]} Qxd6 {[%clk 01:19:28]} {[%emt 00:00:05]} 8. e3 {[%clk
01:19:52]} {[%emt 00:06:20]} O-O {[%clk 01:09:03]} {[%emt 00:10:56]} 9. Bd3
{[%clk 01:19:21]} {[%emt 00:01:01]} Bd7 {[%clk 01:07:02]} {[%emt 00:02:31]} 10.
Ne5 {[%clk 01:17:21]} {[%emt 00:02:29]} Rc8 {[%clk 01:02:05]} {[%emt 00:05:28]}
11. g4 {[%clk 01:08:10]} {[%emt 00:09:40]} Be8 {[%clk 00:54:39]} {[%emt
00:07:57]} 12. f4 {[%clk 01:00:20]} {[%emt 00:08:19]} Nfd7 {[%clk 00:49:55]}
{[%emt 00:05:15]} 13. g5 {[%clk 00:59:16]} {[%emt 00:01:34]} Nxe5 {[%clk
00:47:21]} {[%emt 00:03:04]} 14. fxe5 {[%clk 00:57:39]} {[%emt 00:02:06]} Qb4
{[%clk 00:45:46]} {[%emt 00:02:06]} 15. Qd2 {[%clk 00:49:56]} {[%emt 00:08:13]}
a5 {[%clk 00:41:49]} {[%emt 00:04:26]} 16. h4 {[%clk 00:48:31]} {[%emt
00:01:55]} a4 {[%clk 00:39:58]} {[%emt 00:02:22]} 17. Nb5 {[%clk 00:41:07]}
{[%emt 00:07:53]} Qxd2+ {[%clk 00:40:09]} {[%emt 00:00:20]} 18. Kxd2 {[%clk
00:41:35]} {[%emt 00:00:02]} Bxb5 {[%clk 00:40:33]} {[%emt 00:00:06]} 19. Bxb5
{[%clk 00:42:00]} {[%emt 00:00:05]} Ra5 {[%clk 00:39:07]} {[%emt 00:01:56]} 20.
Rac1 {[%clk 00:40:18]} {[%emt 00:02:11]} Rd8 {[%clk 00:34:17]} {[%emt
00:05:20]} 21. Bd3 {[%clk 00:38:14]} {[%emt 00:02:34]} Nc6 {[%clk 00:33:53]}
{[%emt 00:00:55]} 22. Rc3 {[%clk 00:36:01]} {[%emt 00:02:42]} a3 {[%clk
00:32:39]} {[%emt 00:01:45]} 23. b3 {[%clk 00:34:43]} {[%emt 00:01:48]} Nb4
{[%clk 00:32:18]} {[%emt 00:00:51]} 24. Rc7 {[%clk 00:27:35]} {[%emt 00:07:38]}
b5 {[%clk 00:28:28]} {[%emt 00:04:21]} 25. Rf1 {[%clk 00:26:32]} {[%emt
00:01:31]} Rf8 {[%clk 00:28:18]} {[%emt 00:00:40]} 26. Bb1 {[%clk 00:26:21]}
{[%emt 00:00:42]} Raa8 {[%clk 00:25:41]} {[%emt 00:03:06]} 27. h5 {[%clk
00:16:53]} {[%emt 00:09:58]} Rac8 {[%clk 00:22:50]} {[%emt 00:03:22]} 28. Rfxf7
{[%clk 00:12:32]} {[%emt 00:04:50]} Rxc7 {[%clk 00:22:37]} {[%emt 00:00:43]}
29. Rxc7 {[%clk 00:13:01]} {[%emt 00:00:02]} Rf2+ {[%clk 00:22:59]} {[%emt
00:00:08]} 30. Ke1 {[%clk 00:13:17]} {[%emt 00:00:13]} Rh2 {[%clk 00:21:47]}
{[%emt 00:01:42]} 31. Rc8+ {[%clk 00:07:51]} {[%emt 00:05:57]} Kf7 {[%clk
00:22:11]} {[%emt 00:00:05]} 32. Bxh7 {[%clk 00:07:51]} {[%emt 00:00:30]} Rxa2
{[%clk 00:20:54]} {[%emt 00:01:48]} 33. h6 {[%clk 00:06:51]} {[%emt 00:01:30]}
g6 {[%clk 00:13:51]} {[%emt 00:07:33]} 34. Rc7+ {[%clk 00:04:45]} {[%emt
00:02:36]} Kf8 {[%clk 00:14:14]} {[%emt 00:00:07]} 35. Bxg6 {[%clk 00:05:10]}
{[%emt 00:00:05]} Rh2 {[%clk 00:06:50]} {[%emt 00:07:54]} 36. Rf7+ {[%clk
00:05:35]} {[%emt 00:00:04]} Kg8 {[%clk 00:06:26]} {[%emt 00:00:54]} 37. h7+
{[%clk 00:05:54]} {[%emt 00:00:11]} Rxh7 {[%clk 00:06:08]} {[%emt 00:00:49]}
38. Rxh7 {[%clk 00:06:18]} {[%emt 00:00:05]} a2 {[%clk 00:06:29]} {[%emt
00:00:09]} 39. Ra7 {[%clk 00:06:44]} {[%emt 00:00:04]} 1-0

[Event "DEM U14 2024"]
[Site "Willingen GER"]
[Date "2024.05.21"]
[Round "4"]
[White "Dodul, Arthur"]
[Black "Sickmann, Lisa"]
[Result "1/2-1/2"]
[Termination "normal"]
[Board "17"]
[BlackTitle "WFM"]
[WhiteElo "1789"]
[BlackElo "1980"]
[WhiteClock "00:06:37"]
[BlackClock "00:44:11"]
[PlyCount "82"]
[WhiteFideId "34609016"]
[BlackFideId "16267818"]
[EventCountry "GER"]
[EventRounds "9"]
[EventType "swiss"]
[EventDate "2024.05.18"]

1. e4 {[%clk 01:30:51]} {[%emt 00:00:08]} c5 {[%clk 01:30:56]} {[%emt
00:00:05]} 2. c3 {[%clk 01:31:06]} {[%emt 00:00:15]} d5 {[%clk 01:31:20]}
{[%emt 00:00:07]} 3. exd5 {[%clk 01:31:31]} {[%emt 00:00:04]} Qxd5 {[%clk
01:31:45]} {[%emt 00:00:04]} 4. d4 {[%clk 01:31:58]} {[%emt 00:00:04]} e6
{[%clk 01:32:10]} {[%emt 00:00:04]} 5. Nf3 {[%clk 01:31:50]} {[%emt 00:00:38]}
Nf6 {[%clk 01:32:34]} {[%emt 00:00:07]} 6. Be3 {[%clk 01:31:05]} {[%emt
00:01:14]} cxd4 {[%clk 01:32:59]} {[%emt 00:00:06]} 7. cxd4 {[%clk 01:31:18]}
{[%emt 00:00:17]} Bb4+ {[%clk 01:33:07]} {[%emt 00:00:22]} 8. Nc3 {[%clk
01:31:29]} {[%emt 00:00:18]} O-O {[%clk 01:32:49]} {[%emt 00:00:49]} 9. Bd3
{[%clk 01:30:52]} {[%emt 00:01:06]} b6 {[%clk 01:31:50]} {[%emt 00:01:30]} 10.
O-O {[%clk 01:30:57]} {[%emt 00:00:23]} Bxc3 {[%clk 01:32:13]} {[%emt
00:00:09]} 11. bxc3 {[%clk 01:31:22]} {[%emt 00:00:05]} Ba6 {[%clk 01:32:24]}
{[%emt 00:00:19]} 12. Bxa6 {[%clk 01:30:36]} {[%emt 00:01:16]} Nxa6 {[%clk
01:32:14]} {[%emt 00:00:40]} 13. Qe2 {[%clk 01:26:27]} {[%emt 00:04:38]} Qb7
{[%clk 01:27:16]} {[%emt 00:05:29]} 14. Rac1 {[%clk 01:15:25]} {[%emt
00:11:31]} Rac8 {[%clk 01:19:35]} {[%emt 00:08:11]} 15. Ne5 {[%clk 01:12:25]}
{[%emt 00:03:30]} Nb8 {[%clk 01:13:43]} {[%emt 00:06:23]} 16. c4 {[%clk
01:04:09]} Nc6 {[%clk 01:10:38]} {[%emt 00:14:58]} 17. Rfd1 {[%clk 00:53:47]}
Nxe5 {[%clk 00:58:53]} {[%emt 00:20:30]} 18. dxe5 {[%clk 00:54:00]} Nd7 {[%clk
00:57:53]} {[%emt 00:01:46]} 19. Bf4 {[%clk 00:51:25]} Nc5 {[%clk 00:57:16]}
{[%emt 00:04:12]} 20. Rd4 {[%clk 00:46:23]} Rfd8 {[%clk 00:57:16]} 21. Rcd1
{[%clk 00:46:23]} Qe7 {[%clk 00:57:16]} 22. Qg4 {[%clk 00:46:23]} f5 {[%clk
00:57:16]} 23. exf6 {[%clk 00:46:23]} Qxf6 {[%clk 00:34:24]} {[%emt 00:57:52]}
24. Be5 {[%clk 00:18:04]} Rxd4 {[%clk 00:34:24]} 25. Qxd4 {[%clk 00:18:04]} Qf7
{[%clk 00:28:35]} {[%emt 00:11:27]} 26. h3 {[%clk 00:16:20]} h6 {[%clk
00:22:41]} {[%emt 00:07:21]} 27. Qg4 {[%clk 00:12:10]} Rf8 {[%clk 00:21:04]}
{[%emt 00:06:48]} 28. f3 {[%clk 00:10:35]} Kh7 {[%clk 00:21:04]} 29. Rd6 {[%clk
00:10:35]} Qg6 {[%clk 00:21:04]} 30. Qxg6+ {[%clk 00:10:35]} Kxg6 {[%clk
00:19:04]} {[%emt 00:09:26]} 31. Bd4 {[%clk 00:07:14]} Rc8 {[%clk 00:15:43]}
{[%emt 00:04:50]} 32. Bxc5 {[%clk 00:07:19]} Rxc5 {[%clk 00:16:03]} {[%emt
00:00:36]} 33. Rxe6+ {[%clk 00:07:38]} Kf5 {[%clk 00:15:47]} {[%emt 00:00:56]}
34. Re4 {[%clk 00:07:50]} Ra5 {[%clk 00:15:47]} 35. Re2 {[%clk 00:07:50]} Ra4
{[%clk 00:15:47]} 36. Rc2 {[%clk 00:07:50]} Ke5 {[%clk 00:15:47]} 37. c5 {[%clk
00:07:50]} bxc5 {[%clk 00:15:47]} 38. Rxc5+ {[%clk 00:07:50]} Kd4 {[%clk
00:16:18]} {[%emt 00:04:12]} 39. Rc2 {[%clk 00:08:00]} Kd3 {[%clk 00:16:24]}
{[%emt 00:00:48]} 40. Rb2 {[%clk 00:06:53]} a5 {[%clk 00:15:23]} {[%emt
00:03:09]} 41. Kf2 {[%clk 00:06:37]} Rc4 {[%clk 00:44:11]} {[%emt 00:11:30]}
1/2-1/2

[Event "DEM U14 2024"]
[Site "Willingen GER"]
[Date "2024.05.21"]
[Round "4"]
[White "Hellenbroich, Hanno"]
[Black "Nönnig, Jakob"]
[Result "1-0"]
[Termination "normal"]
[Board "18"]
[WhiteElo "1739"]
[BlackElo "1990"]
[WhiteClock "01:01:05"]
[BlackClock "00:01:04"]
[PlyCount "43"]
[WhiteFideId "16270762"]
[BlackFideId "16289447"]
[EventCountry "GER"]
[EventRounds "9"]
[EventType "swiss"]
[EventDate "2024.05.18"]

1. e4 {[%clk 01:30:43]} {[%emt 00:00:16]} e5 {[%clk 01:30:53]} {[%emt
00:00:07]} 2. Nf3 {[%clk 01:30:55]} {[%emt 00:00:17]} Nc6 {[%clk 01:31:17]}
{[%emt 00:00:07]} 3. Bc4 {[%clk 01:30:59]} {[%emt 00:00:26]} Bc5 {[%clk
01:31:35]} {[%emt 00:00:12]} 4. c3 {[%clk 01:31:14]} {[%emt 00:00:15]} Nf6
{[%clk 01:31:55]} {[%emt 00:00:09]} 5. d4 {[%clk 01:27:53]} {[%emt 00:03:52]}
exd4 {[%clk 01:32:18]} {[%emt 00:00:07]} 6. b4 {[%clk 01:28:07]} {[%emt
00:00:16]} Bb6 {[%clk 01:30:47]} {[%emt 00:02:02]} 7. e5 {[%clk 01:28:14]}
{[%emt 00:00:22]} Ne4 {[%clk 01:19:27]} {[%emt 00:11:50]} 8. Bd5 {[%clk
01:21:13]} {[%emt 00:07:31]} Nxc3 {[%clk 01:16:27]} {[%emt 00:03:31]} 9. Nxc3
{[%clk 01:21:12]} {[%emt 00:00:31]} dxc3 {[%clk 01:16:48]} {[%emt 00:00:08]}
10. Bg5 {[%clk 01:21:35]} {[%emt 00:00:06]} Ne7 {[%clk 01:09:15]} {[%emt
00:08:04]} 11. O-O {[%clk 01:20:41]} {[%emt 00:01:23]} O-O {[%clk 01:09:05]}
{[%emt 00:00:40]} 12. Re1 {[%clk 01:20:17]} {[%emt 00:00:55]} Qe8 {[%clk
01:08:39]} {[%emt 00:00:56]} 13. Bc4 {[%clk 01:15:47]} {[%emt 00:05:00]} h6
{[%clk 01:07:53]} {[%emt 00:01:16]} 14. Bf6 {[%clk 01:13:25]} {[%emt 00:02:52]}
Ng6 {[%clk 01:00:07]} {[%emt 00:08:17]} 15. Qc2 {[%clk 01:11:54]} {[%emt
00:02:00]} Kh8 {[%clk 00:44:09]} {[%emt 00:16:28]} 16. Qc1 {[%clk 01:10:36]}
{[%emt 00:01:48]} Kh7 {[%clk 00:33:04]} {[%emt 00:11:35]} 17. Ng5+ {[%clk
01:10:31]} {[%emt 00:00:35]} hxg5 {[%clk 00:31:07]} {[%emt 00:02:28]} 18. Qxg5
{[%clk 01:09:59]} {[%emt 00:01:02]} d5 {[%clk 00:30:59]} {[%emt 00:00:37]} 19.
Re4 {[%clk 01:05:50]} {[%emt 00:04:39]} gxf6 {[%clk 00:01:00]} {[%emt
00:30:29]} 20. exf6 {[%clk 01:00:46]} {[%emt 00:05:33]} Qe6 {[%clk 00:00:46]}
{[%emt 00:00:45]} 21. Rh4+ {[%clk 01:01:05]} {[%emt 00:00:11]} Nxh4 {[%clk
00:01:04]} {[%emt 00:00:13]} 22. Qg7# {[%emt 00:00:05]} 1-0